Sentinels of the sea (Record no. 63400)
[ view plain ]
| 000 -LEADER | |
|---|---|
| fixed length control field | 00517nam a22001937a 4500 |
| 003 - CONTROL NUMBER IDENTIFIER | |
| control field | NUST - PNEC |
| 005 - DATE AND TIME OF LATEST TRANSACTION | |
| control field | 20170116180812.0 |
| 008 - FIXED-LENGTH DATA ELEMENTS--GENERAL INFORMATION | |
| fixed length control field | 150504b xxu||||| |||| 00| 0 eng d |
| 020 ## - INTERNATIONAL STANDARD BOOK NUMBER | |
| International Standard Book Number | 9690000000 |
| 040 ## - CATALOGING SOURCE | |
| Transcribing agency | LIBRARY |
| 082 ## - DEWEY DECIMAL CLASSIFICATION NUMBER | |
| Classification number | 359.5491 P.R.D |
| 100 ## - MAIN ENTRY--PERSONAL NAME | |
| 9 (RLIN) | 3423 |
| Personal name | Directorate, Public Relations |
| 245 ## - TITLE STATEMENT | |
| Title | Sentinels of the sea |
| Statement of responsibility, etc. | Public Relations Directorate |
| 250 ## - EDITION STATEMENT | |
| Edition statement | - |
| 260 ## - PUBLICATION, DISTRIBUTION, ETC. | |
| Place of publication, distribution, etc. | Islamabad |
| Name of publisher, distributor, etc. | Barqsons (Pvt) Ltd. |
| Date of publication, distribution, etc. | c1997. |
| 300 ## - PHYSICAL DESCRIPTION | |
| Extent | 155 p. : |
| 650 ## - SUBJECT ADDED ENTRY--TOPICAL TERM | |
| 9 (RLIN) | 3424 |
| Topical term or geographic name entry element | War |
| General subdivision | General |
| 942 ## - ADDED ENTRY ELEMENTS (KOHA) | |
| Source of classification or shelving scheme | |
| Koha item type | Book |
| Withdrawn status | Lost status | Source of classification or shelving scheme | Damaged status | Not for loan | Permanent Location | Current Location | Shelving location | Date acquired | Source of acquisition | Cost, normal purchase price | Total Checkouts | Full call number | Barcode | Date last seen | Cost, replacement price | Price effective from | Koha item type |
|---|---|---|---|---|---|---|---|---|---|---|---|---|---|---|---|---|---|
| Pakistan Navy Engineering College (PNEC) | Pakistan Navy Engineering College (PNEC) | Donated by PN Book Club | 0.00 | 359.5491 P.R.D | PNECLIB-022548 | 05/04/2015 | 0.00 | Book | |||||||||
| Pakistan Navy Engineering College (PNEC) | Pakistan Navy Engineering College (PNEC) | Donated by PN Book Club | 0.00 | 359.5491 P.R.D | PNECLIB-022549 | 05/04/2015 | 0.00 | Book | |||||||||
| Pakistan Navy Engineering College (PNEC) | Pakistan Navy Engineering College (PNEC) | Donated by PN Book Club | 0.00 | 359.5491 P.R.D | PNECLIB-022550 | 05/04/2015 | 0.00 | Book | |||||||||
| Pakistan Navy Engineering College (PNEC) | Pakistan Navy Engineering College (PNEC) | Donated by PN Book Club | 0.00 | 359.5491 P.R.D | PNECLIB-022551 | 05/04/2015 | 0.00 | Book | |||||||||
| Pakistan Navy Engineering College (PNEC) | Pakistan Navy Engineering College (PNEC) | Donated by DC | 0.00 | 359.5491 P.R.D | PNECLIB-031154 | 05/04/2015 | 0.00 | Book | |||||||||
| Pakistan Navy Engineering College (PNEC) | Pakistan Navy Engineering College (PNEC) | Donated by PN Book Club | 350.00 | 359.5491 P.R.D | PNECLIB-026168 | 05/04/2015 | 350.00 | Book | |||||||||
| Pakistan Navy Engineering College (PNEC) | Pakistan Navy Engineering College (PNEC) | Donated by PN Book Club | 100.00 | 359.5491 P.R.D | PNECLIB-026209 | 05/04/2015 | 100.00 | Book | |||||||||
| Pakistan Navy Engineering College (PNEC) | Pakistan Navy Engineering College (PNEC) | Donated | 359.5491 P.R.D | PNECLIB-032239 | 12/02/2015 | Book | |||||||||||
| Pakistan Navy Engineering College (PNEC) | Pakistan Navy Engineering College (PNEC) | Donated | 359.5491 P.R.D | PNECLIB-32240 | 12/02/2015 | Book |
